| 000 | 02068cam a2200481 4500 | ||
|---|---|---|---|
| 001 | 13994 | ||
| 003 | http://catalogue.bnf.fr/ark:/12148/cb471773775 | ||
| 005 | 20260113153559.0 | ||
| 010 |
_a9782957958139 _d5 EUR |
||
| 020 |
_aFR _b02335842 |
||
| 073 | 0 | _a9782957958139 | |
| 090 | _a13994 | ||
| 099 | _o0 | ||
| 100 | _a20230130d2022 a y0frey50 ba | ||
| 101 | 0 | _afre | |
| 102 | _aFR | ||
| 105 | _a||||z 00|a| | ||
| 181 | 0 |
_601 _ai _bxxxe |
|
| 181 |
_602 _ctxt _2rdacontent |
||
| 182 | 0 |
_601 _an |
|
| 182 |
_602 _cn _2rdamedia |
||
| 200 | 1 |
_aÇa ne fait que commencer _bLIVR |
|
| 214 | 0 |
_cla Maison théâtre _dimpr. 2022 |
|
| 214 | 3 | _cOtt impr. | |
| 214 | 0 | _aStrasbourg | |
| 214 | 3 | _a67-Wasselonne | |
| 215 | _a1 vol. (33 p.) | ||
| 215 | _d21 cm | ||
| 225 |
_aLes cahiers théâtre _vn °4 |
||
| 225 | _e11-14 ans | ||
| 300 | _aCommande de la Maison théâtre dans le cadre du projet "Dans la cour de notre mythologie" | ||
| 321 |
_aLa Revue des livres pour enfants _x0398-8384 _c330 |
||
| 323 | _a10 personnages | ||
| 330 | _aQui est responsable de la blessure à la tête de Polo lors de la sortie scolaire ? La singulière Jelly – celle qui rit quand on s’y attend le moins ? Elle était seule avec lui. Et pourtant, contre les certitudes de Mme Alléop et de certaines élèves de la classe, les ami.e.s de la jeune fille tentent de la défendre. Coïncidence ou hasard : quelques heures plus tard des méduses tombent du ciel ou apparaissent dans des endroits incongrus. Un signe. En abordant la question du consentement, Stéphane BIENTZ nous emmène dans une histoire fantastique pleine de surprises. | ||
| 333 | _aÀ partir de 11 ans | ||
| 410 | 0 | _047252827 | |
| 410 | 0 |
_tLes Cahiers théâtre (Strasbourg) _x3039-5577 _v4 |
|
| 608 |
_aThéâtre _2CNLJ |
||
| 610 |
_ajeunesse _aadolescence _amythologie |
||
| 686 |
_a802 _2Cadre de classement de la Bibliographie nationale française |
||
| 700 |
_aBientz _bStéphane |
||
| 700 |
_317785439 _4070 |
||
| 801 | 0 |
_aFR _bFR-751131015 _c20230130 _gAFNOR _hFRBNF471773770000009 |
|